000 00533nam a2200205Ia 4500
005 20250508165050.0
008 008 250505s9999 xx 000 0 hin d
037 _aTextual
040 _aFEDL
_beng
_cFEDL
041 _ahin
_2hin
084 _a891.433, CHA
_qFEDL
100 _aChandel Rup Singh
_9779838
245 0 _aAmar balidan
260 _aDelhi, India
_bRajpal and Sons
_c1991
300 _a95p.
365 _aINR
_b15
546 _aMACESE
942 _cTEXL
_h891.433, CHA
999 _c1392939
_d1392939